| 000 | 00589nam a22002057a 4500 | ||
|---|---|---|---|
| 003 | BUBTL | ||
| 008 | 160616b xxu||||| |||| 00| 0 eng d | ||
| 020 | _a978-81-203-2834-1 | ||
| 082 | _a519.2JOP | ||
| 100 |
_9670 _aJohnson, Richard A. |
||
| 245 |
_aMiller & Freund's Probability and Statistics for Engineers / _cRichard Johnson |
||
| 250 | _a7th ed. | ||
| 260 |
_aNew Delhi : _bPrentice-Hall of India, _cc2005 |
||
| 300 |
_axi,642 p.: _c23 cm. |
||
| 650 | 0 |
_9171 _aStatistics |
|
| 760 | _b7th | ||
| 856 |
_k0 _l0 _yDownload |
||
| 942 |
_2ddc _cBK |
||
| 999 |
_c5271 _d5271 |
||